Normal view
MARC view
- ELECTRONICS-MATERIALS-FATIGUE. ELECTRONICS-MATERIALS-CREEP
Entry Topical Term
001 - CONTROL NUMBER
- control field: 61929
003 - CONTROL NUMBER IDENTIFIER
- control field: NUST
005 - DATE AND TIME OF LATEST TRANSACTION
- control field: 20210628202838.0
008 - FIXED-LENGTH DATA ELEMENTS
- fixed length control field: 210628|| aca||aabn | a|a d
040 ## - CATALOGING SOURCE
- Original cataloging agency: NUST
- Transcribing agency: NUST
150 ## - HEADING--TOPICAL TERM
- Topical term or geographic name entry element: ELECTRONICS-MATERIALS-FATIGUE. ELECTRONICS-MATERIALS-CREEP
670 ## - SOURCE DATA FOUND
- Source citation: Work cat.: (NUST): Schroeder, Scott A 61928, Fatigue of electronic materials, 1944
